000 00651nam a22002297a 4500
003 UA-OsUOA
001 40308
007 ta
008 20060724b un ||||| |||| 00| 0 ukr d
100 _aНикулин Н.Н.
090 _a75(492.6)
_bН65
942 _cBK
040 _aUA-OsUOA
_brus
_cUA-OsUOA
_dUA-OsUOA
245 _aНидерландская живопись XV - XVI веков в Эрмитаже
_bочерк-путеводитель
300 _a104 с.
955 _a2
041 _arus
080 _a75(492.6)
260 _aЛенинград
_bИскусство
_c1980
650 7 _a75 Живопис
_2UDC
999 _c326452
_d326452